00829 a2200205 45000010006000000050017000060080041000230030015000640400040000790800053001192450097001722640126002693000019003950410008004141000104004227000020005267000021005467000030005677000026005976285920260407155922.0260407a1974 arg spa dAR-UNSa-BCEJYS aAR-UNSa-BCEJYSbspacAR-UNSa-BCEJYS a339.5xComercio exterior. Comercio Internacional10aProyectos conjuntos y empresas conjuntas en la integración económica de América Latina 1aBuenos Aires :bBID/INTAL (Banco Interamericano de Desarrollo. Instituto para la integración de América Latina)c1974 a258 p.c27 cm. aspa1 aBanco Interamericano de Desarrollo. Instituto para la Integración de América Latina (BID-INTAL)1 aPeña, Félix1 aCasanova, Manuel1 aCzar de Zalduendo, Susana1 aMascarenhas, Patricia